000 00759nam a2200217Ia 4500
003 IN-BaIIA
008 211028s9999 xx 000 0 eng d
020 _a0-8243-0937-5
040 _cIIA Library
080 _a(05)52
_bANN-37
245 0 _aAnnual review of astronomy and astrophysics
_bvol. 37
_cedited by Geoffreyand Burbidge, Allan Sandage and Frank H. Shu
260 _aPalo Alto
_bAnnual Reviews
_c1999
300 _avii, 689p.
650 _aAstronomy and astrophysics thesaurus
650 _aAstronomy-Periodicals
_94087
650 _aAstrophysics-Periodicals
_94088
700 _aBurbidge, Geoffreyand, ed.
_923452
700 _aSandage, Allan, ed.
_99048
700 _aShu, Frank, H., ed.
942 _cBK
999 _c13363
_d13363